Legislación práctica impositiva /

Guardado en:
Autor Principal: Suhit, María Concepción.
Otros Autores: Urriza, María Natalia., Vidal, Ana María.
Formato: Libro
Idioma:Spanish
Publicado: Buenos Aires : GRAM Editora, c1994.
Materias:
Etiquetas: Agregar Etiqueta
Sin Etiquetas, Sea el primero en etiquetar este registro!
LEADER 00791nam a22002055a 4500
001 EAD.ead001271
008 080225s1994####ag#a#####bl###000#0#spa#d
005 20101008171856.0
245 1 0 |a Legislación práctica impositiva /  |c María Concepción Suhit, María Natalia Urriza, Ana María Vidal. 
260 |a Buenos Aires :  |b GRAM Editora,  |c c1994. 
300 |a 144 p. :  |b il. ;  |c 26 cm. 
504 |a Incluye referencias bibliográficas. 
020 |a 9505304080 
100 1 |a Suhit, María Concepción. 
700 1 |a Urriza, María Natalia. 
700 1 |a Vidal, Ana María. 
082 0 4 |a 336.2714  |2 21 
650 7 |a Impuesto al valor agregado.  |2 unbist 
859 |a AR-BaBDC  |b BIB. ADMINISTRACION - Libros  |h 336.2714  |i Su36  |p b02890 
859 |a AR-BaBDC  |b BIB. ADMINISTRACION - Libros  |h 336.2714  |i Su36  |p b03233  |t Ej.2